[Event "Olimpiada de Khanty-Mansiysk 2010"]
[Site "Khanty-Mansiysk RUS"]
[Date "2010.09.25"]
[Round "5"]
[White "Ganguly, Surya Shekhar"]
[Black "Delchev, Aleksander"]
[Result "1-0"]
[WhiteElo "2650"]
[BlackElo "2623"]
[PlyCount "71"]
[EventDate "2010.09.21"]
[EventType "team"]
[EventRounds "11"]
[EventCountry "RUS"]
[Source "lmi"]
[SourceDate "2010.09.21"]
[WhiteTeam "India"]
[BlackTeam "Bulgaria"]
[WhiteTeamCountry "IND"]
[BlackTeamCountry "BUL"]

1. d4 d5 2. c4 c6 3. Nf3 e6 4. Nc3 dxc4 5. e3 b5 6. a4 Bb4 7. Bd2 Bb7 8. axb5
Bxc3 9. Bxc3 cxb5 10. b3 a5 11. bxc4 b4 12. Bb2 Nf6 13. Bd3 Nbd7 14. O-O O-O
15. Nd2 Qc7 16. f3 e5 17. Kh1 exd4 18. exd4 Ra6 19. d5 Nc5 20. Bc2 Nfd7 21. f4
Re8 22. Qg4 Nf6 23. Rae1 Rxe1 24. Rxe1 Ncd7 25. Qf5 Nf8 26. Ba4 Qc5 27. Qe5 Qf2
28. Re2 Qh4 29. Nf3 Qg4 30. Qb8 Qc8 31. Qxc8 Bxc8 32. Bxf6 gxf6 33. c5 Ra8 34.
Re8 b3 35. Bxb3 Rb8 36. Nd2 1-0

[Event "Olimpiada de Khanty-Mansiysk 2010"]
[Site "Khanty-Mansiysk RUS"]
[Date "2010.09.25"]
[Round "5"]
[White "Berbatov, Kiprian"]
[Black "Gopal Narayanan, Geetha"]
[Result "0-1"]
[WhiteElo "2461"]
[BlackElo "2603"]
[PlyCount "76"]
[EventDate "2010.09.21"]
[EventType "team"]
[EventRounds "11"]
[EventCountry "RUS"]
[Source "lmi"]
[SourceDate "2010.09.21"]
[WhiteTeam "Bulgaria"]
[BlackTeam "India"]
[WhiteTeamCountry "BUL"]
[BlackTeamCountry "IND"]

1. e4 c5 2. Nf3 d6 3. d4 cxd4 4. Nxd4 Nf6 5. Nc3 a6 6. Bc4 e6 7. Bb3 b5 8. Bg5
Be7 9. Qf3 Qb6 10. O-O-O Nbd7 11. Rhe1 O-O 12. Qg3 Nc5 13. Re3 Bb7 14. Qh4 Rfc8
15. Rg3 Kf8 16. Kb1 h6 17. Rf3 hxg5 18. Qh8+ Ng8 19. Bxe6 Bf6 20. Nd5 Bxd5 21.
Bxd5 Nd7 22. e5 dxe5 23. Qh5 Nh6 24. Nf5 e4 25. Bxa8 exf3 26. Nxh6 gxh6 27.
Qxh6+ Bg7 28. Qxb6 Nxb6 29. Bxf3 Na4 30. c3 b4 31. Bg4 Rb8 32. Kc2 bxc3 33. b3
Nb6 34. Rd6 Ke7 35. Rc6 Nd5 36. a3 Rd8 37. b4 Be5 38. h3 Nf4 0-1

[Event "Olimpiada de Khanty-Mansiysk 2010"]
[Site "Khanty-Mansiysk RUS"]
[Date "2010.09.25"]
[Round "5"]
[White "Short, Nigel D"]
[Black "Fressinet, Laurent"]
[Result "1-0"]
[WhiteElo "2690"]
[BlackElo "2718"]
[PlyCount "57"]
[EventDate "2010.09.21"]
[EventType "team"]
[EventRounds "11"]
[EventCountry "RUS"]
[Source "lmi"]
[SourceDate "2010.09.21"]
[WhiteTeam "Inglaterra"]
[BlackTeam "Francia"]
[WhiteTeamCountry "ENG"]
[BlackTeamCountry "FRA"]

1. e4 e5 2. Nf3 Nc6 3. Bc4 Bc5 4. O-O Nf6 5. d4 exd4 6. e5 d5 7. exf6 dxc4 8.
fxg7 Rg8 9. Bg5 f6 10. Re1+ Kf7 11. Bh6 Kg6 12. Qc1 Qd5 13. Nh4+ Kf7 14. Nd2
Qh5 15. Ne4 Qxh4 16. Nxc5 Kg6 17. Bf4 Rxg7 18. c3 d3 19. b3 b6 20. Ne6 Bxe6 21.
Rxe6 Ne7 22. Qe3 Re8 23. Qe4+ Kf7 24. g3 d2 25. Qxc4 Kf8 26. Rd1 b5 27. Qe4 Rd8
28. Rxe7 Qh5 29. Qe2 1-0

[Event "Olimpiada de Khanty-Mansiysk 2010"]
[Site "Khanty-Mansiysk RUS"]
[Date "2010.09.25"]
[Round "5"]
[White "Kulaots, Kaido"]
[Black "Buhmann, Rainer"]
[Result "1/2-1/2"]
[WhiteElo "2592"]
[BlackElo "2563"]
[PlyCount "94"]
[EventDate "2010.09.21"]
[EventType "team"]
[EventRounds "11"]
[EventCountry "RUS"]
[Source "lmi"]
[SourceDate "2010.09.21"]
[WhiteTeam "Estonia"]
[BlackTeam "Alemania"]
[WhiteTeamCountry "EST"]
[BlackTeamCountry "GER"]

1. d4 d5 2. c4 c6 3. Nf3 Nf6 4. Qb3 dxc4 5. Qxc4 Bg4 6. Nc3 Nbd7 7. e4 Bxf3 8.
gxf3 e5 9. dxe5 Nxe5 10. Qe2 Bc5 11. Be3 Bxe3 12. fxe3 g5 13. f4 gxf4 14. exf4
Ng6 15. Qf3 h5 16. Be2 Ng4 17. Qg3 Qd4 18. Bxg4 hxg4 19. Rd1 Qc5 20. h4 gxh3
21. f5 Qe5 22. Rxh3 Qxg3+ 23. Rxg3 Ne5 24. Kf2 Ke7 25. b3 Rad8 26. Rxd8 Rxd8
27. Ke2 Rh8 28. Ke3 Rh1 29. Kd2 Rh8 30. Ne2 Kf6 31. Ke3 a5 32. Nf4 Rh1 33. Rh3
Re1+ 34. Kd4 Rd1+ 35. Kc3 Kg5 36. Ne2 Ra1 37. a4 Re1 38. Kd2 Rb1 39. Rg3+ Kf6
40. Nf4 Rf1 41. Nd3 Nxd3 42. Rxd3 Ke5 43. Rd7 f6 44. Ke3 Re1+ 45. Kf3 Rf1+ 46.
Ke3 Re1+ 47. Kf3 Rf1+ 1/2-1/2

[Event "Olimpiada de Khanty-Mansiysk 2010"]
[Site "Khanty-Mansiysk RUS"]
[Date "2010.09.25"]
[Round "5"]
[White "Bindrich, Falko"]
[Black "Sepp, Olav"]
[Result "1/2-1/2"]
[WhiteElo "2507"]
[BlackElo "2485"]
[PlyCount "83"]
[EventDate "2010.09.21"]
[EventType "team"]
[EventRounds "11"]
[EventCountry "RUS"]
[Source "lmi"]
[SourceDate "2010.09.21"]
[WhiteTeam "Alemania"]
[BlackTeam "Estonia"]
[WhiteTeamCountry "GER"]
[BlackTeamCountry "EST"]

1. d4 Nf6 2. c4 g6 3. g3 Bg7 4. Bg2 O-O 5. Nf3 d6 6. O-O Nbd7 7. Nc3 e5 8. e4
c6 9. h3 Qb6 10. Re1 exd4 11. Nxd4 Re8 12. Nc2 Nc5 13. b4 Ne6 14. Be3 Qc7 15.
Qd2 a5 16. b5 Nd7 17. f4 Nb6 18. Na3 c5 19. f5 Nd4 20. g4 Qd8 21. Rad1 Be5 22.
Ne2 Nxe2+ 23. Rxe2 Qe7 24. Bf2 Nd7 25. Nc2 b6 26. Ne1 Bb7 27. Nf3 Rad8 28. Ree1
f6 29. a4 g5 30. h4 h6 31. h5 Bf4 32. Qc3 Ne5 33. Nxe5 Qxe5 34. Qxe5 Rxe5 35.
Be3 Bxe3+ 36. Rxe3 Kf8 37. Kf2 Ke7 38. Rd5 Bxd5 39. exd5 Rxe3 40. Kxe3 Kd7 41.
Be4 Re8 42. Kd3 1/2-1/2

[Event "Olimpiada de Khanty-Mansiysk 2010"]
[Site "Khanty-Mansiysk RUS"]
[Date "2010.09.25"]
[Round "5"]
[White "Volodin, Aleksandr"]
[Black "Kraemer, Martin"]
[Result "1-0"]
[WhiteElo "2433"]
[BlackElo "2516"]
[PlyCount "93"]
[EventDate "2010.09.21"]
[EventType "team"]
[EventRounds "11"]
[EventCountry "RUS"]
[Source "lmi"]
[SourceDate "2010.09.21"]
[WhiteTeam "Estonia"]
[BlackTeam "Alemania"]
[WhiteTeamCountry "EST"]
[BlackTeamCountry "GER"]

1. d4 Nf6 2. c4 e6 3. Nf3 b6 4. g3 Bb7 5. Bg2 g6 6. Nc3 Ne4 7. d5 Bb4 8. Qd3
Nxc3 9. bxc3 Be7 10. O-O Na6 11. e4 Nc5 12. Qd4 f6 13. e5 fxe5 14. Nxe5 Bf6 15.
Qe3 O-O 16. Nd3 Qe7 17. Ba3 d6 18. Nxc5 dxc5 19. dxe6 Bxg2 20. Kxg2 Rfe8 21.
Rae1 Rad8 22. Re2 Qg7 23. Bb2 Rd6 24. Rfe1 Red8 25. h4 Qe7 26. Qe4 Rd3 27. Re3
Rd2 28. R1e2 Rd1 29. Rf3 Kg7 30. g4 Rf8 31. g5 Bxg5 32. hxg5 Qxg5+ 33. Rg3 Qh5
34. Qe5+ Qxe5 35. Rxe5 Rd2 36. e7 Rdxf2+ 37. Kh3 Re8 38. Bc1 Kf6 39. Re1 Rf5
40. Rge3 Kf7 41. Re4 a6 42. Bf4 c6 43. Kg3 b5 44. Bd6 Kf6 45. Rf4 Rxf4 46. Kxf4
h6 47. Bxc5 1-0

[Event "Olimpiada de Khanty-Mansiysk 2010"]
[Site "Khanty-Mansiysk RUS"]
[Date "2010.09.25"]
[Round "5"]
[White "Moradiabadi, Elshan"]
[Black "Milos, Gilberto"]
[Result "1/2-1/2"]
[WhiteElo "2578"]
[BlackElo "2599"]
[PlyCount "54"]
[EventDate "2010.09.21"]
[EventType "team"]
[EventRounds "11"]
[EventCountry "RUS"]
[Source "lmi"]
[SourceDate "2010.09.21"]
[WhiteTeam "Irán"]
[BlackTeam "Brasil"]
[WhiteTeamCountry "IRI"]
[BlackTeamCountry "BRA"]

1. d4 Nf6 2. c4 e6 3. g3 c5 4. d5 exd5 5. cxd5 d6 6. Nc3 g6 7. Bg2 Bg7 8. Nf3
O-O 9. O-O Na6 10. Bf4 Nc7 11. e4 Bg4 12. Qd3 Nh5 13. Bg5 f6 14. Bd2 f5 15. e5
Bxf3 16. exd6 Bxg2 17. dxc7 Qxc7 18. Kxg2 Rad8 19. Rac1 b6 20. Kg1 Qf7 21. Bg5
Rd7 22. Rcd1 h6 23. Bc1 Rfd8 24. Rfe1 Nf6 25. d6 Ne8 26. Nb5 a6 27. Nc3 b5
1/2-1/2

[Event "Olimpiada de Khanty-Mansiysk 2010"]
[Site "Khanty-Mansiysk RUS"]
[Date "2010.09.25"]
[Round "5"]
[White "Fier, Alexandr"]
[Black "Mahjoob, Morteza"]
[Result "1-0"]
[WhiteElo "2588"]
[BlackElo "2529"]
[PlyCount "143"]
[EventDate "2010.09.21"]
[EventType "team"]
[EventRounds "11"]
[EventCountry "RUS"]
[Source "lmi"]
[SourceDate "2010.09.21"]
[WhiteTeam "Brasil"]
[BlackTeam "Irán"]
[WhiteTeamCountry "BRA"]
[BlackTeamCountry "IRI"]

1. e4 c5 2. Nf3 Nc6 3. d4 cxd4 4. Nxd4 g6 5. Nc3 Bg7 6. Be3 Nf6 7. Bc4 O-O 8.
Bb3 a5 9. O-O Ng4 10. Qxg4 Nxd4 11. Rfd1 d6 12. Qh4 Bf6 13. Qg3 e5 14. Bxd4
exd4 15. Nb5 a4 16. Bc4 Be5 17. Qd3 Bg4 18. f3 Bd7 19. Nxd4 Rc8 20. c3 Qh4 21.
g3 Bxg3 22. hxg3 Qxg3+ 23. Kf1 Rc5 24. Ke2 Qh2+ 25. Ke3 d5 26. Ne2 Qh6+ 27. Nf4
Rxc4 28. Rh1 Qg5 29. Rag1 Qe7 30. Qxd5 Qc5+ 31. Qxc5 Rxc5 32. Nd5 f6 33. Rh5
Kh8 34. Rh2 Kg7 35. a3 Re8 36. Rxh7+ Kxh7 37. Nxf6+ Kg7 38. Nxd7 Rb5 39. f4 Re7
40. Ne5 Rexe5 41. fxe5 Kf7 42. Rg2 Rxe5 43. c4 Rh5 44. Kd4 Rh3 45. Ke5 Rb3 46.
c5 Ke7 47. Kd4 g5 48. e5 Kd7 49. Rxg5 Rxb2 50. Rg7+ Kd8 51. e6 Rb3 52. Rd7+ Ke8
53. Ke5 Rxa3 54. Rxb7 Re3+ 55. Kd6 Rd3+ 56. Kc6 a3 57. Ra7 Kd8 58. e7+ Ke8 59.
Kb5 Rb3+ 60. Kc4 Rb2 61. Rxa3 Kxe7 62. Rd3 Rb8 63. c6 Rd8 64. Rd5 Ra8 65. Kb5
Ke6 66. Rd1 Ra2 67. c7 Rc2 68. Kb6 Rb2+ 69. Ka7 Rc2 70. Kb7 Rb2+ 71. Kc8 Rc2
72. Kd8 1-0

[Event "Olimpiada de Khanty-Mansiysk 2010"]
[Site "Khanty-Mansiysk RUS"]
[Date "2010.09.25"]
[Round "5"]
[White "Toufighi, Homayoon"]
[Black "Mekhitarian, Krikor Sevag"]
[Result "1-0"]
[WhiteElo "2499"]
[BlackElo "2550"]
[PlyCount "119"]
[EventDate "2010.09.21"]
[EventType "team"]
[EventRounds "11"]
[EventCountry "RUS"]
[Source "lmi"]
[SourceDate "2010.09.21"]
[WhiteTeam "Irán"]
[BlackTeam "Brasil"]
[WhiteTeamCountry "IRI"]
[BlackTeamCountry "BRA"]

1. d4 Nf6 2. Nf3 g6 3. Bf4 Bg7 4. Nbd2 c5 5. c3 cxd4 6. cxd4 O-O 7. e3 d6 8.
Be2 b6 9. O-O Bb7 10. h3 Nbd7 11. Bh2 Rc8 12. Bd3 e5 13. Be2 Qe7 14. Qa4 a6 15.
Qa3 Rfe8 16. Rfc1 Bf8 17. dxe5 dxe5 18. Qxe7 Rxe7 19. Rxc8 Bxc8 20. Rc1 Re8 21.
Nxe5 Nxe5 22. Bxe5 Rxe5 23. Rxc8 b5 24. Nb3 Re8 25. Rc6 Re6 26. Rxe6 fxe6 27.
Bg4 Kf7 28. Nd4 e5 29. Nc6 Bd6 30. Bc8 b4 31. Bxa6 Nd7 32. Bc4+ Kf6 33. Kf1 Bf8
34. Ke2 g5 35. Bd5 Nb6 36. Bb3 h6 37. Kd3 Bd6 38. Ke4 Bc7 39. Nxb4 Bd6 40. Nd5+
Nxd5 41. Kxd5 Bb4 42. Bc2 Be1 43. f3 Bf2 44. e4 Bd4 45. b4 Ke7 46. a4 Kd7 47.
a5 Bc3 48. Kc4 Bd2 49. Kc5 Kc7 50. g4 Bc3 51. a6 Bd4+ 52. Kd5 Kb6 53. Bd3 Kc7
54. Ke6 Kc8 55. b5 Kc7 56. Bf1 Kb6 57. Kf6 Ka7 58. Kg6 Bb6 59. Kxh6 Bd8 60. Kg6
1-0

[Event "Olimpiada de Khanty-Mansiysk 2010"]
[Site "Khanty-Mansiysk RUS"]
[Date "2010.09.25"]
[Round "5"]
[White "Ragger, Markus"]
[Black "Amanov, Mesgen"]
[Result "1/2-1/2"]
[WhiteElo "2628"]
[BlackElo "2493"]
[PlyCount "98"]
[EventDate "2010.09.21"]
[EventType "team"]
[EventRounds "11"]
[EventCountry "RUS"]
[Source "lmi"]
[SourceDate "2010.09.21"]
[WhiteTeam "Austria"]
[BlackTeam "Turkmenistán"]
[WhiteTeamCountry "AUT"]
[BlackTeamCountry "TKM"]

1. d4 d5 2. c4 c6 3. Nf3 Nf6 4. Nc3 e6 5. Bg5 dxc4 6. e4 b5 7. e5 h6 8. Bh4 g5
9. Nxg5 hxg5 10. Bxg5 Nbd7 11. g3 Qb6 12. exf6 Bb7 13. Bg2 O-O-O 14. O-O c5 15.
d5 b4 16. Na4 Qa6 17. a3 Bxd5 18. Bxd5 Ne5 19. Nxc5 Bxc5 20. Qe2 Rxd5 21. axb4
Qc6 22. bxc5 Rxc5 23. f3 Nd3 24. Be3 Rb5 25. Rac1 Nxc1 26. Rxc1 Rb4 27. Bxa7
Rd8 28. Bf2 Kb7 29. Rc3 Qb5 30. Rc2 Rd3 31. Be1 Ra4 32. Kg2 Qd5 33. h4 Ra1 34.
Bf2 Rad1 35. Qe4 R1d2 36. Rxc4 Qxe4 37. Rxe4 Rxb2 38. Re1 Rdd2 39. Rf1 e5 40.
g4 Kc6 41. h5 Kd7 42. h6 Ke6 43. h7 Rd8 44. Rh1 Rh8 45. Rh6 Rb4 46. Be3 Rb2+
47. Kg3 Rb3 48. Kf2 Rb2+ 49. Kg3 Rb3 1/2-1/2

[Event "Olimpiada de Khanty-Mansiysk 2010"]
[Site "Khanty-Mansiysk RUS"]
[Date "2010.09.25"]
[Round "5"]
[White "Annaberdiev, Meylis"]
[Black "Shengelia, David"]
[Result "1/2-1/2"]
[WhiteElo "2465"]
[BlackElo "2587"]
[PlyCount "52"]
[EventDate "2010.09.21"]
[EventType "team"]
[EventRounds "11"]
[EventCountry "RUS"]
[Source "lmi"]
[SourceDate "2010.09.21"]
[WhiteTeam "Turkmenistán"]
[BlackTeam "Austria"]
[WhiteTeamCountry "TKM"]
[BlackTeamCountry "AUT"]

1. e4 c6 2. d3 d5 3. Nd2 e5 4. Ngf3 Bd6 5. d4 exd4 6. exd5 Nf6 7. dxc6 Nxc6 8.
Be2 O-O 9. O-O Bf5 10. Nb3 Qc7 11. Nbxd4 Nxd4 12. Qxd4 Rfd8 13. Qh4 Bxc2 14.
Bg5 Qe7 15. Bc4 Qe4 16. Rac1 Rac8 17. Bxf6 gxf6 18. Qxf6 Qxc4 19. Qg5+ Kh8 20.
Qf6+ Kg8 21. Qg5+ Kf8 22. Qh6+ Kg8 23. Qg5+ Kf8 24. Qh6+ Kg8 25. Qg5+ Kf8 26.
Qh6+ Kg8 1/2-1/2

[Event "Olimpiada de Khanty-Mansiysk 2010"]
[Site "Khanty-Mansiysk RUS"]
[Date "2010.09.25"]
[Round "5"]
[White "Neubauer, Martin"]
[Black "Atabayev, Maksat"]
[Result "1/2-1/2"]
[WhiteElo "2428"]
[BlackElo "2318"]
[PlyCount "81"]
[EventDate "2010.09.21"]
[EventType "team"]
[EventRounds "11"]
[EventCountry "RUS"]
[Source "lmi"]
[SourceDate "2010.09.21"]
[WhiteTeam "Austria"]
[BlackTeam "Turkmenistán"]
[WhiteTeamCountry "AUT"]
[BlackTeamCountry "TKM"]

1. d4 Nf6 2. c4 e6 3. Nc3 Bb4 4. g3 O-O 5. Bg2 d5 6. Nf3 c5 7. dxc5 dxc4 8. O-O
Qxd1 9. Rxd1 Bxc5 10. Ne5 Nc6 11. Nxc4 e5 12. Bxc6 bxc6 13. Nxe5 Re8 14. Nxc6
Bg4 15. Nd4 Rab8 16. b3 Rbc8 17. Bb2 Bxd4 18. Rxd4 Bxe2 19. Re1 Bf3 20. Re3
Rxe3 21. fxe3 h5 22. h3 Re8 23. Kf2 Bc6 24. g4 hxg4 25. hxg4 Re5 26. Rc4 Bd7
27. Ne2 Ne4+ 28. Kf3 Nd2+ 29. Kf4 Re8 30. Rd4 g5+ 31. Kxg5 Nf3+ 32. Kf4 Nxd4
33. Bxd4 a6 34. Ng3 Rc8 35. Ne4 Bc6 36. Nc5 Bb5 37. a4 Be2 38. b4 Rb8 39. Bc3
Rc8 40. Bd4 Rb8 41. Bc3 1/2-1/2

[Event "Olimpiada de Khanty-Mansiysk 2010"]
[Site "Khanty-Mansiysk RUS"]
[Date "2010.09.25"]
[Round "5"]
[White "Odeev, Handszar"]
[Black "Kreisl, Robert"]
[Result "1/2-1/2"]
[WhiteElo "2397"]
[BlackElo "2376"]
[PlyCount "40"]
[EventDate "2010.09.21"]
[EventType "team"]
[EventRounds "11"]
[EventCountry "RUS"]
[Source "lmi"]
[SourceDate "2010.09.21"]
[WhiteTeam "Turkmenistán"]
[BlackTeam "Austria"]
[WhiteTeamCountry "TKM"]
[BlackTeamCountry "AUT"]

1. e4 c6 2. d4 d5 3. e5 Bf5 4. Nd2 e6 5. Nb3 c5 6. Nf3 c4 7. Nbd2 Nc6 8. c3 f6
9. Be2 Nh6 10. O-O Nf7 11. exf6 Qxf6 12. b3 cxb3 13. Qxb3 O-O-O 14. Bb2 Bd6 15.
c4 Kb8 16. cxd5 exd5 17. Bb5 Rc8 18. Rac1 Ne7 19. Rfe1 Rxc1 20. Rxc1 Rc8
1/2-1/2

[Event "Olimpiada de Khanty-Mansiysk 2010"]
[Site "Khanty-Mansiysk RUS"]
[Date "2010.09.25"]
[Round "5"]
[White "Cordova, Emilio"]
[Black "Zhigalko, Andrey"]
[Result "1-0"]
[WhiteElo "2539"]
[BlackElo "2580"]
[PlyCount "83"]
[EventDate "2010.09.21"]
[EventType "team"]
[EventRounds "11"]
[EventCountry "RUS"]
[Source "lmi"]
[SourceDate "2010.09.21"]
[WhiteTeam "Perú"]
[BlackTeam "Bielorusia"]
[WhiteTeamCountry "PER"]
[BlackTeamCountry "BLR"]

1. d4 Nf6 2. c4 g6 3. g3 Bg7 4. Bg2 O-O 5. Nc3 d6 6. Nf3 Nc6 7. h3 a6 8. O-O
Bd7 9. e4 e5 10. d5 Nd4 11. Nxd4 exd4 12. Qxd4 Qc8 13. Qd3 Bxh3 14. Be3 Re8 15.
Bd4 c5 16. dxc6 bxc6 17. Rfe1 Bxg2 18. Kxg2 Qb7 19. Rad1 Rad8 20. b3 h5 21. Qf3
Ng4 22. Bxg7 Kxg7 23. Na4 Qb4 24. Re2 Nf6 25. Rd4 Re6 26. Qc3 Qb8 27. Red2 Rde8
28. c5 dxc5 29. Nxc5 Re5 30. Rd6 Qa7 31. b4 a5 32. a3 axb4 33. axb4 Qe7 34.
Rxc6 Kg8 35. f3 h4 36. g4 Nh7 37. Rd7 Qg5 38. Qd2 Rb8 39. Qxg5 Nxg5 40. f4 Rxb4
41. fxg5 Rxg5 42. Kh3 1-0

[Event "Olimpiada de Khanty-Mansiysk 2010"]
[Site "Khanty-Mansiysk RUS"]
[Date "2010.09.25"]
[Round "5"]
[White "Teterev, Vitaly"]
[Black "Cori, Jorge"]
[Result "1-0"]
[WhiteElo "2511"]
[BlackElo "2496"]
[PlyCount "87"]
[EventDate "2010.09.21"]
[EventType "team"]
[EventRounds "11"]
[EventCountry "RUS"]
[Source "lmi"]
[SourceDate "2010.09.21"]
[WhiteTeam "Bielorusia"]
[BlackTeam "Perú"]
[WhiteTeamCountry "BLR"]
[BlackTeamCountry "PER"]

1. Nf3 Nf6 2. g3 d5 3. Bg2 Bg4 4. c4 c6 5. cxd5 Bxf3 6. Bxf3 cxd5 7. Nc3 e6 8.
O-O Nc6 9. d4 Be7 10. e3 O-O 11. Bd2 Rc8 12. Rc1 Ne8 13. Na4 Nd6 14. Nc5 Nc4
15. Bc3 b6 16. Nd3 Qd7 17. Be2 Rc7 18. Ne5 N6xe5 19. dxe5 Rfc8 20. Bd3 b5 21.
Rc2 Na3 22. Rd2 Nc4 23. Rc2 Na3 24. Rd2 Rxc3 25. bxc3 Rxc3 26. Be2 Bc5 27. Rd3
b4 28. Qa1 Rc4 29. Rxa3 bxa3 30. Bxc4 dxc4 31. Qc3 Qd5 32. Rc1 Bf8 33. Qd4 Qb5
34. Qxc4 Qxe5 35. Qd4 Qb8 36. h4 g6 37. Qc4 Qe5 38. Kg2 a5 39. Rb1 Bb4 40. Rd1
Be7 41. Rd7 Bf6 42. Qc8+ Kg7 43. Qe8 Qe4+ 44. Kh2 1-0

[Event "Olimpiada de Khanty-Mansiysk 2010"]
[Site "Khanty-Mansiysk RUS"]
[Date "2010.09.25"]
[Round "5"]
[White "Pacheco, Marco"]
[Black "Stupak, Kirill"]
[Result "0-1"]
[WhiteElo "2392"]
[BlackElo "2502"]
[PlyCount "74"]
[EventDate "2010.09.21"]
[EventType "team"]
[EventRounds "11"]
[EventCountry "RUS"]
[Source "lmi"]
[SourceDate "2010.09.21"]
[WhiteTeam "Perú"]
[BlackTeam "Bielorusia"]
[WhiteTeamCountry "PER"]
[BlackTeamCountry "BLR"]

1. d4 e6 2. Nf3 Nf6 3. g3 b5 4. Bg2 Bb7 5. O-O c5 6. Na3 Qb6 7. c4 b4 8. Nc2
Be4 9. b3 Be7 10. Bb2 O-O 11. Ne3 cxd4 12. Nxd4 Bxg2 13. Kxg2 Na6 14. Qc2 Nc5
15. Rfd1 Rfd8 16. Nf3 Qb7 17. Bd4 a5 18. Kg1 a4 19. Nd2 Ra5 20. Ng2 Rda8 21.
Nf4 Nce4 22. Nxe4 Nxe4 23. Nd3 R8a6 24. f3 axb3 25. axb3 Rxa1 26. Rxa1 Rxa1+
27. Bxa1 Qa7+ 28. Kg2 Nxg3 29. hxg3 Qxa1 30. Nf2 Bc5 31. Qd1 Qa7 32. Nd3 d6 33.
Qd2 g6 34. Qc2 Bd4 35. Nxb4 Qa1 36. f4 Qg1+ 37. Kf3 Qh1+ 0-1

[Event "Olimpiada de Khanty-Mansiysk 2010"]
[Site "Khanty-Mansiysk RUS"]
[Date "2010.09.25"]
[Round "5"]
[White "Miezis, Normunds"]
[Black "Stevic, Hrvoje"]
[Result "1/2-1/2"]
[WhiteElo "2519"]
[BlackElo "2607"]
[PlyCount "42"]
[EventDate "2010.09.21"]
[EventType "team"]
[EventRounds "11"]
[EventCountry "RUS"]
[Source "lmi"]
[SourceDate "2010.09.21"]
[WhiteTeam "Letonia"]
[BlackTeam "Croacia"]
[WhiteTeamCountry "LAT"]
[BlackTeamCountry "CRO"]

1. c4 c5 2. Nc3 Nc6 3. g3 g6 4. Bg2 Bg7 5. a3 d6 6. Rb1 a5 7. d3 e5 8. e3 Nge7
9. Nge2 O-O 10. O-O Rb8 11. h3 Be6 12. e4 Nd4 13. b4 Nxe2+ 14. Qxe2 axb4 15.
axb4 cxb4 16. Rxb4 Nc6 17. Rb1 Nd4 18. Qd1 Qd7 19. Kh2 b5 20. Nxb5 Nxb5 21.
cxb5 Rxb5 1/2-1/2

[Event "Olimpiada de Khanty-Mansiysk 2010"]
[Site "Khanty-Mansiysk RUS"]
[Date "2010.09.25"]
[Round "5"]
[White "Sveshnikov, Vladimir"]
[Black "Saric, Ivan"]
[Result "1/2-1/2"]
[WhiteElo "2374"]
[BlackElo "2567"]
[PlyCount "93"]
[EventDate "2010.09.21"]
[EventType "team"]
[EventRounds "11"]
[EventCountry "RUS"]
[Source "lmi"]
[SourceDate "2010.09.21"]
[WhiteTeam "Letonia"]
[BlackTeam "Croacia"]
[WhiteTeamCountry "LAT"]
[BlackTeamCountry "CRO"]

1. e4 e5 2. Nf3 Nc6 3. Bc4 Nf6 4. d4 exd4 5. e5 d5 6. Bb5 Ne4 7. Nxd4 Bd7 8.
Bxc6 bxc6 9. O-O Bc5 10. f3 Ng5 11. f4 Ne4 12. Be3 Bb6 13. Nd2 c5 14. Ne2 Nxd2
15. Qxd2 d4 16. Bf2 Bc6 17. c4 Qc8 18. h3 Qb7 19. Kh2 O-O-O 20. Bh4 Bxg2 21.
Rf2 Bc6 22. Bxd8 Rxd8 23. a4 a5 24. Rg1 g6 25. b3 Bd7 26. Ng3 h5 27. h4 Bg4 28.
Re1 c6 29. Ne4 Qe7 30. Kg3 Bc7 31. Nf6 Bf5 32. Qe2 d3 33. Qe3 Rd4 34. Rd2 Qe6
35. Qf3 Bd8 36. Re3 Bxf6 37. exf6 Qxf6 38. Re5 Qd6 39. Qe3 Kb7 40. Re7+ Kb6 41.
Qe5 Qxe5 42. Rxe5 Bg4 43. Re3 Be2 44. Re7 f5 45. Re5 Re4 46. Rxe4 fxe4 47. Rxe2
1/2-1/2

[Event "Olimpiada de Khanty-Mansiysk 2010"]
[Site "Khanty-Mansiysk RUS"]
[Date "2010.09.25"]
[Round "5"]
[White "Palac, Mladen"]
[Black "Kantans, Toms"]
[Result "1-0"]
[WhiteElo "2561"]
[BlackElo "2332"]
[PlyCount "59"]
[EventDate "2010.09.21"]
[EventType "team"]
[EventRounds "11"]
[EventCountry "RUS"]
[Source "lmi"]
[SourceDate "2010.09.21"]
[WhiteTeam "Croacia"]
[BlackTeam "Letonia"]
[WhiteTeamCountry "CRO"]
[BlackTeamCountry "LAT"]

1. e4 c5 2. Nf3 Nf6 3. e5 Nd5 4. Nc3 e6 5. Nxd5 exd5 6. d4 Nc6 7. c3 d6 8. Bb5
Be7 9. exd6 Bxd6 10. Qe2+ Be6 11. dxc5 Bxc5 12. Be3 Bxe3 13. Qxe3 O-O 14. O-O
d4 15. cxd4 Nb4 16. Ba4 Rc8 17. Rfd1 Qa5 18. Bb3 Nc2 19. Bxc2 Rxc2 20. d5 Bg4
21. Qe4 Bxf3 22. Qxc2 Bxd1 23. Rxd1 Qxa2 24. d6 Qe6 25. d7 Rd8 26. Qc7 Qe7 27.
Qxb7 Qc5 28. Re1 g6 29. Re8+ Kg7 30. g3 1-0

[Event "Olimpiada de Khanty-Mansiysk 2010"]
[Site "Khanty-Mansiysk RUS"]
[Date "2010.09.25"]
[Round "5"]
[White "Papaioannou, Ioannis"]
[Black "Gruenfeld, Yehuda"]
[Result "1-0"]
[WhiteElo "2622"]
[BlackElo "2464"]
[PlyCount "65"]
[EventDate "2010.09.21"]
[EventType "team"]
[EventRounds "11"]
[EventCountry "RUS"]
[Source "lmi"]
[SourceDate "2010.09.21"]
[WhiteTeam "Grecia"]
[BlackTeam "ICS"]
[WhiteTeamCountry "GRE"]

1. d4 Nf6 2. c4 c5 3. Nf3 cxd4 4. Nxd4 e6 5. g3 d5 6. Bg2 e5 7. Nb3 d4 8. O-O
Nc6 9. f4 exf4 10. Bxf4 Be6 11. N1d2 a5 12. Nf3 Bxc4 13. Rc1 Bd5 14. Nfxd4 Bxg2
15. Kxg2 Qd5+ 16. e4 Nxe4 17. Nxc6 bxc6 18. Qf3 Nf6 19. Rxc6 Bb4 20. a3 Be7 21.
Re1 Qxf3+ 22. Kxf3 Nd5 23. Rc5 Nxf4 24. gxf4 Kf8 25. Rxa5 Rc8 26. Rc1 Rd8 27.
Nc5 g6 28. Ra7 Bxc5 29. Rxc5 Rd3+ 30. Ke4 Rb3 31. Rcc7 Rxb2 32. Rxf7+ Ke8 33.
Rfb7 1-0

[Event "Olimpiada de Khanty-Mansiysk 2010"]
[Site "Khanty-Mansiysk RUS"]
[Date "2010.09.25"]
[Round "5"]
[White "Halkias, Stelios"]
[Black "Klasan, Vladimir"]
[Result "1-0"]
[WhiteElo "2577"]
[BlackElo "2393"]
[PlyCount "59"]
[EventDate "2010.09.21"]
[EventType "team"]
[EventRounds "11"]
[EventCountry "RUS"]
[Source "lmi"]
[SourceDate "2010.09.21"]
[WhiteTeam "Grecia"]
[BlackTeam "ICS"]
[WhiteTeamCountry "GRE"]

1. d4 d5 2. c4 c6 3. Nf3 Nf6 4. Nc3 dxc4 5. a4 Bf5 6. Ne5 Nbd7 7. Nxc4 Nb6 8.
Ne3 Bg6 9. a5 Nbd7 10. g3 e5 11. dxe5 Nxe5 12. Qxd8+ Rxd8 13. a6 b5 14. Bg2 b4
15. Na4 Be4 16. f3 Bd5 17. O-O Ned7 18. Nxd5 Nxd5 19. f4 Nc5 20. e4 Nc7 21. Be3
N7xa6 22. e5 Rc8 23. Rfc1 Nxa4 24. Rxa4 Nb8 25. Rxa7 Be7 26. Bh3 Rd8 27. Bb6
Rd2 28. Rb7 Nd7 29. Be3 Rd3 30. Rxc6 1-0